Bondar's Russian journal.

Bibliographic Details
Other Authors: Bondar, D. (David)
Format: Microform Journal
Language:English
Russian
Published: Manchester : D. Bondar, 1916-
Series:Opie collection of children's literature ; 025:243.
Subjects:

MARC

Tag First Indicator Second Indicator Subfields
LEADER 00000cas a2200000Ia 4500
001 in00002572012
005 20151201154300.0
007 hd bfv---baap
007 he amv---bacp
008 981002c19169999enker p b 0 0eng d
035 |a (OCoLC)ocm39978866 
037 |a CL0021000025  |b UMI, 300 N. Zeeb Rd., Ann Arbor, MI 48016-1346 
040 |a OPP  |c OPP  |d UtOrBLW 
041 0 |a eng  |a rus 
049 |a OPPA 
090 |a PZ5  |b .O67 1990 no.025:243. 
245 0 0 |a Bondar's Russian journal. 
246 |i At head of title:  |a Russkīĭ zhurnal 
246 3 0 |a Russian journal 
264 1 |a Manchester :  |b D. Bondar,  |c 1916- 
300 |a volumes 
310 |a Bi-weekly 
336 |a text  |b txt  |2 rdacontent 
337 |a microform  |b h  |2 rdamedia 
338 |a microfiche  |b he  |2 rdacarrier 
362 0 |a No. 1 (Jan. 15, 1916)- 
500 |a 1997 microform edition includes nos. 1-2. 
500 |a Reproduction of original in the Bodleian Library. 
510 4 |a Opie  |c GG 168 
533 |a Microfiche.  |b Ann Arbor, Mich. :  |c UMI,  |d 1997.  |e 1 microfiche ; 11 x 15 cm.  |f (Opie collection of children's literature ; 025:243).  |7 c19169999miuuub 
500 |a Microform. 
650 0 |a Russian language  |x Study and teaching  |x Periodicals. 
700 1 |a Bondar, D.  |q (David) 
830 0 |a Opie collection of children's literature ;  |v 025:243. 
999 |a MARS 
999 f f |s 2073ce0c-8d3f-32c0-b701-761db24f4d77  |i 79401669-6e80-3199-8599-4d7377c0fb4b  |t 0 
952 f f |a Texas A&M University  |b College Station  |c Sterling C. Evans Library  |d Evans: Microforms Fiche (3rd floor)  |t 0  |e PZ5 .O67 1990 no.025:243.  |h Library of Congress classification 
998 f f |a PZ5 .O67 1990 no.025:243.  |t 0  |l Evans: Microforms Fiche (3rd floor)